Wszystkie rejony Litwy na mapie - Statystyki

Ogólne statystyki
  • Ten quiz został rozwiązany 60 razy
  • Średni wynik to 20 z 60
Odpowiedzi na mapie
Odpowiedzi zakodowano w zielono-czerwonej skali na mapie do tego quizu, zgodnie z poniższymi procentami.
 
Statystyki odpowiedzi
Okręg Rejon % Poprawnych
kłajpedzki Kłajpeda
94%
kowieński Kowno
94%
wileński Wilno
94%
olicki Olita
78%
szawelski Szawle
78%
wileński wileński
78%
kłajpedzki kłajpedzki
72%
kowieński kowieński
72%
mariampolski mariampolski
72%
olicki olicki
72%
poniewieski Poniewież
72%
poniewieski poniewieski
61%
szawelski szawelski
61%
uciański uciański
61%
mariampolski kalwaryjski
56%
tauroski tauroski
50%
olicki druskienicki
44%
telszański możejski
39%
wileński solecznicki
39%
telszański telszański
39%
wileński trocki
39%
wileński elektreński
33%
olicki orański
33%
kowieński kiejdański
28%
kłajpedzki Połąga
28%
wileński święciański
22%
wileński wiłkomierski
22%
mariampolski wyłkowyski
22%
kowieński birsztański
17%
uciański ignaliński
17%
kowieński janowski
17%
uciański jezioroski
17%
kowieński koszedarski
17%
mariampolski kozłoworudzki
17%
kłajpedzki kretyngański
17%
olicki łoździejski
17%
uciański malacki
17%
kłajpedzki neryński
17%
uciański oniksztyński
17%
szawelski pokrojski
17%
kowieński preński
17%
kowieński rosieński
17%
mariampolski szakowski
17%
wileński szyrwincki
17%
uciański wisagiński
17%
poniewieski birżański
11%
tauroski jurborski
11%
poniewieski kupiszecki
11%
telszański płungiański
11%
tauroski pojeski
11%
poniewieski poswolski
11%
szawelski radziwiliski
11%
kłajpedzki szyłokarczemski
11%
szawelski janiski
6%
szawelski kielmski
6%
szawelski okmiański
6%
poniewieski rakiszecki
6%
telszański retowski
6%
kłajpedzki szkudzki
6%
tauroski szyłelski
6%
Nie znaleziono quizów pasujących do podanych kryteriów
Rozkład punktacji
Procent ludzi z każdym wynikiem
Percentyl według liczby udzielonych odpowiedzi
Twoja historia wyników
Nie rozwiązałeś tego quizu